Najpopularniejsza ,,soda" w państwach Europy [ Poza Coca-Cola ] - Statystyki

Ogólne statystyki
  • Ten quiz został rozwiązany 30 razy
  • Średni wynik to 6 z 9
Statystyki odpowiedzi
Hint Odpowiedź % Poprawnych
Kofola Czechy
100%
Kofola Słowacja
100%
Pepsi Norwegia
57%
Compal Portugalia
57%
Cockta Serbia
57%
Pepsi Islandia
54%
Loux Grecja
50%
Cockta Słowenia
46%
Rivella Szwajcaria
39%
Nie znaleziono quizów pasujących do podanych kryteriów
Rozkład punktacji
Procent ludzi z każdym wynikiem
Percentyl według liczby udzielonych odpowiedzi
Twoja historia wyników
Nie rozwiązałeś tego quizu